000 00895nmm a2200265 a 4500
001 ocm000667899
003 TR-IsHL
005 20201028130326.0
008 130927s2008 tu tur
007 cr cn
035 _a667899
_b(N$T)
050 0 4 _aHF5415
_b.C47 2008
090 0 4 _aHF5415
_b.C47 2008
100 1 _aCeran, Yunus
245 1 0 _aMaliyet bilgilerine dayalı stratejik pazarlama kararları için stratejik pazarlama muhasebesi
_h[electronic resource] /
_cYunus Ceran
250 _a1. bs.
260 _aKonya :
_bTablet Kitabevi,
_c2008
300 _a282 p.
650 4 _aEkonomi ve Finans
650 4 _aEconomics and Finance
650 0 _aPazarlama muhasebesi
650 0 _aMarketing, accounting
650 7 _aBUSINESS & ECONOMICS / Marketing / General
_2bisacsh
856 4 0 _uhttp://search.ebscohost.com/login.aspx?direct=true&scope=site&db=e011xww&AN=667899
999 _c3962
_d3962